Rouge, rose ou les deux? - Statistiques

Statistiques générales
  • Ce quiz a été pris 128 fois
  • Le résultat moyen est 8 sur 15
Statistiques - réponses
Question Réponse % Correct
Est un mélange de blanc et de Magenta en peinture Rose
90%
Est à l’opposé des ultraviolets Rouge
78%
Couleur des roses Les deux
77%
Jeu principal des jeu vidéo Pokémon Rouge
77%
Fuchsia en est une teinte dérivée Rose
73%
Symbolize la chance et une longue vie en Chine Rouge
73%
Apparaît dans un arc-en-ciel Rouge
70%
Est la première couleur à disparaître du spectre lumineux Rouge
67%
Est associé au mardi en Thaïlande Rose
58%
Est obtenue comme couleur de feu d’artifice avec seulement du strontium Rouge
47%
N’est pas une couleur primaire en peinture Les deux
25%
Peut orner les branches d’un pommier Les deux
23%
Est dans le nom commun (non scientifique) d’un oiseau Les deux
15%
Est une couleur de tomate Les deux
10%
Est le pigment le plus vieux trouvé sur la terre Rose
0%
Aucun quiz correspondant
Distribution des résultats
% des personnes avec chaque résultat
Percentile par nombre de réponses
Votre historique - résultats
Vous n’avez pas pris ce quiz